| 000 | 00422cam a2200145ua 4500 | ||
|---|---|---|---|
| 020 | _a9788126535187 | ||
| 082 |
_a530.41 _bKIT/IN |
||
| 100 |
_aKittel, Charles . _9725 |
||
| 245 | _aIntroduction to Solid State Physics | ||
| 250 | _a5 / 8 | ||
| 260 |
_aNew Delhi : _bWiley India , _c2012 |
||
| 300 | _a680 | ||
| 500 | _aChapter 18, Nanostructures,was written by Professor Paul McEuen of Cornell University | ||
| 942 | _cBK | ||
| 999 |
_c10095 _d10095 |
||